Statystyki dla TOP 20 najwyżej ocenionych zawodników w FIFA 22 - Serie A TIM

Kliknij tutaj aby rozwiązać quiz!

Ogólne statystyki

  • Ten quiz został rozwiązany 478 razy
  • Średni wynik to 14 z 20

Statystyki odpowiedzi

MIEJSCE w SERIE A TIMKLUBOCENAPOZYCJAPAN WŁOCH% Poprawnych
3.Juventus Turyn87BRAMKARZWojciech Szczęsny
97%
2.SS Lazio87NAPASTNIKCiro Immobile
90%
1.Juventus Turyn87NAPASTNIKPaulo Dybala
87%
8.Inter Mediolan86BRAMKARZSamir Handanović
82%
11.Juventus Turyn85OBROŃCALeonardo Bonucci
81%
7.Juventus Turyn86OBROŃCAGiorgio Chiellini
79%
4.Inter Mediolan86OBROŃCAMilan Skriniar
79%
6.SSC Napoli86OBROŃCAKalidou Koulibaly
78%
5.SSC Napoli86NAPASTNIKLorenzo Insigne
78%
10.Inter Mediolan85NAPASTNIKLautaro Martinez
77%
15.AC Milan84NAPASTNIKZlatan Ibrahimović
76%
9.SS Lazio85POMOCNIKSergiej Milinković - Savić
71%
14.SSC Napoli84NAPASTNIKDries Mertens
69%
12.Juventus Turyn85OBROŃCAMatthijs De Ligt
67%
13.Inter Mediolan85OBROŃCAStefan De Vrij
64%
19.Inter Mediolan84POMOCNIKNicolo Barella
61%
18.AC Milan84POMOCNIKFranck Kessie
54%
16.SS Lazio84POMOCNIKLuis Alberto
52%
17.Atalanta Bergamo84NAPASTNIKJosip Ilicić
48%
20.Inter Mediolan84POMOCNIKMarcelo Brozović
48%

Rozkład punktacji

Percentyl według liczby udzielonych odpowiedzi

Procent ludzi z każdym wynikiem

Twoja historia wyników

Nie rozwiązałeś tego quizu